000 00934cam a2200301 a 4500
999 _c148
_d148
001 15042302
003 OSt
005 20220907170354.0
008 071012s2008 nyua 001 0 eng
010 _a 2007939343
020 _a9781429205191
020 _a1429205199
040 _aDLC
_cDLC
_dDLC
050 0 0 _aQB43.3
_b.C66 2008
082 _222
_a523.1 COM 2008
_bCOM 2008
100 1 _aComins, Neil F.; Kaufmann, William J.
_9397
245 1 0 _aDiscovering The Universe.
250 _a8th ed.
260 _aNew York :
_bW.H. Freeman,
_cc2008.
300 _axx,535p :
_bcol.ill. ;
_c28 cm.
504 _aIncludes index.
650 0 _aAstronomy
_9398
650 0 _aUniverse
_9399
856 4 2 _3Publisher description
_uhttp://www.loc.gov/catdir/enhancements/fy0834/2007939343-d.html
906 _a7
_bcbc
_corignew
_d3
_eepcn
_f20
_gy-gencatlg
942 _2ddc
_cB_BANK